| 000 | 00519nam a2200169Ia 4500 | ||
|---|---|---|---|
| 008 | 220216s9999 xx 000 0 und d | ||
| 100 | _aKrishnakumari M | ||
| 245 | 0 | _aEffect of air-drying on nutrient concentration in leaves : II Effect of sun-drying and hot iron- pressing on nutrient concentration in leaves | |
| 260 |
_bRubber Board Bulletin _c1978 |
||
| 300 | _a57-58 | ||
| 650 | _aIron-pressing | ||
| 650 | _aRubber | ||
| 650 | _aSun-drying | ||
| 700 | _aAugusty A | ||
| 700 | _aPushpadas M V | ||
| 942 | _cJS | ||
| 999 |
_c57683 _d57683 |
||